000 00754nac a22002171u 4500
020 _a0333278275 (pbk) :
020 _a0333278267 (cased) :
082 _a380.5094118
_bMAL
090 _c9087
_d9087
100 _aMaltby, D.
245 _aTransport in the United Kingdom
_bD. Maltby and H.P. White.
260 _aLondon :
_bMacmillan, 1982.
_cc1982.
300 _axii,207p. :
_bill., maps ;
_c25cm.
500 _aDistributer: Al-Ahram
500 _aIncludes bibliographical references and index.
511 _aCatalogued by: Sara
650 _aTransportation -- Great Britain.
650 _aGreat Britain Transport
700 _aWhite, H. P. (Henry Patrick),
_d1920-
942 _cBB
_k380.5094118MAL
999 _c9087
_d9087